| 000 | 01119cab a22002535a 4500 | ||
|---|---|---|---|
| 001 | L146670 | ||
| 008 | 090213e20090117xxk f v 000 0 eng d | ||
| 035 | _a(Sirsi) u146670 | ||
| 041 | 0 | _aeng | |
| 100 | 1 | _aCohen, Roger | |
| 245 | 0 | 0 |
_aDown maybe _bbut definitely not out |
| 260 | _c2009 | ||
| 490 | 0 |
_aEstates Gazette _v(903) 17 January 2009, 75(1) |
|
| 520 | _aArgues that rent review cases will not disappear during the economic downturn. With reference to the latest relevant case law, gives advice for property professionals involved in rent reviews. Highlights the importance of disclosing documents, the use of written submissions and counter-submissions and settling costs (including what happens when a Calderbank offer is beaten). | ||
| 590 | _aKA | ||
| 650 | 2 | 4 | _aCALDERBANK LETTERS |
| 650 | 2 | 4 | _aO'DONOGHUE V ENTERPRISE INNS LTD |
| 650 | 2 | 4 | _aJD WETHERSPOON PLC V JAY MAR ESTATES |
| 650 | 2 | 4 | _aDODDS V WEST REGISTER(PUBLIC HOUSES III) LTD |
| 650 | 2 | 4 | _aMORGAN V UPS |
| 651 | 4 |
_aEngland and Wales _y1543- |
|
| 690 | _aPROPERTY-LANDLORD AND TENANT-TENANCIES-TENANCY RENT REVIEW | ||
| 942 | _n0 | ||
| 999 |
_c81236 _d81236 |
||